<?xml version="1.0" encoding="UTF-8"?>
<record
    xmlns:xsi="http://www.w3.org/2001/XMLSchema-instance"
    xsi:schemaLocation="http://www.loc.gov/MARC21/slim http://www.loc.gov/standards/marcxml/schema/MARC21slim.xsd"
    xmlns="http://www.loc.gov/MARC21/slim">

  <leader>03116nam a2200277   4500</leader>
  <controlfield tag="001">113678</controlfield>
  <controlfield tag="003">DR-UNIBE</controlfield>
  <controlfield tag="005">20250526143403.0</controlfield>
  <controlfield tag="008">250526b2017    xxu||||| |||| 00| 0 eng d</controlfield>
  <datafield tag="020" ind1=" " ind2=" ">
    <subfield code="a">0998533602</subfield>
  </datafield>
  <datafield tag="020" ind1=" " ind2=" ">
    <subfield code="a">9780998533605</subfield>
  </datafield>
  <datafield tag="040" ind1=" " ind2=" ">
    <subfield code="a">BIBLIOTECA UNIBE</subfield>
    <subfield code="b">spa</subfield>
    <subfield code="c">BIBLIOTECA UNIBE</subfield>
  </datafield>
  <datafield tag="041" ind1=" " ind2=" ">
    <subfield code="a">eng</subfield>
  </datafield>
  <datafield tag="082" ind1=" " ind2=" ">
    <subfield code="2">22</subfield>
    <subfield code="a">617.6 D272c 2017</subfield>
  </datafield>
  <datafield tag="100" ind1="1" ind2=" ">
    <subfield code="a">Dawson, Peter E.,</subfield>
    <subfield code="d">1930-2019</subfield>
    <subfield code="e">autor</subfield>
    <subfield code="9">195925</subfield>
  </datafield>
  <datafield tag="100" ind1="1" ind2=" ">
    <subfield code="a">Cranham, John</subfield>
    <subfield code="9">195917</subfield>
    <subfield code="e">autor</subfield>
  </datafield>
  <datafield tag="245" ind1="1" ind2="4">
    <subfield code="a">The complete dentist manual /</subfield>
    <subfield code="c">Peter E. Dawson, John C. Cranham</subfield>
  </datafield>
  <datafield tag="250" ind1=" " ind2=" ">
    <subfield code="a">Primera edici&#xF3;n</subfield>
  </datafield>
  <datafield tag="260" ind1=" " ind2=" ">
    <subfield code="a">St. Petersburg, Florida :</subfield>
    <subfield code="b">Widiom Publishing, LLC.,</subfield>
    <subfield code="c">2017</subfield>
  </datafield>
  <datafield tag="300" ind1=" " ind2=" ">
    <subfield code="a">370 p&#xE1;ginas :</subfield>
    <subfield code="b">ilustraciones a color ;</subfield>
    <subfield code="c">28 cm</subfield>
  </datafield>
  <datafield tag="505" ind1="0" ind2=" ">
    <subfield code="a">1.	The complete dentist as a masticatory system physician |
2.	Wrong thinking about complete dentistry |
3.	The complete dentist evaluates teeth differently |
4.	Complete dentist measure success with objective criteria |
5.	Complete dentist avoid the 10 most common ways to screw up an occlusion |
6.	Goal one: get the mouth healthy |
7.	The clinical game changer: centric relation |
8.	Centric relation: what it is and what it&#xB4;s not |
9.	Complete dentists record centric relation precisely |
10.	The articulator |
11.	Complete dentists use articulators wisely |
12.	Adapted centric posture |
13.	The complete dentist evaluates the TMJs on every patient |
14.	Treating unstable or uncomfortable TMJs |
15.	Complete dentists achieve acclusal harmony |
16.	Complete dentists classify conditions |
17.	End the guessing game for front teeth |
18.	Complete dentists get the anterior guidance right |
19.	Complete dentists create beautiful esthetics | |
20.	Complete dentists develop optimum treatment plans |
21.	Streamlining the treatment planning process: the Dawson diagnostic wizard |
22.	Complete dentists use quality controls |
23.	Complete dentists diagnose orofacial pain |
24.	Complete dentists use vertical dimension wisely |
25.	Complete dentists don&#xB4;t violate the neutral zone |
26.	Complete dentists know when the occlusal plane is a problem |
27.	Complete dentists stay current on diagnostic modalities |
28.	Dental imaging in transition |
29.	Complete dentists use imaging wisely |
30.	A restorative dentist looks at orthodontics |
31.	Orthodontics for complete dentistry |
32.	GP and orthodontist collaboration |
33.	Complete dentists use removable partial dentures wisely |
34.	Dental implants in the Dawson philosophy |
35.	The complete dentist&#xB4;s expanded role |
36.	Complete dentists are gatekeepers for general health |
37.	The Complete dentists develops a coordinated interdisciplinary team |
38.	Complete dentists see new patients differently |
39.	Complete dentists attract and keep new patients |
40.	Put your patients second |
41.	Transitioning the legacy practice |
42.	Making sense of the literature |
43.	Resources for complete dentists
</subfield>
  </datafield>
  <datafield tag="650" ind1=" " ind2="7">
    <subfield code="2">lemb</subfield>
    <subfield code="a">Odontolog&#xED;a</subfield>
    <subfield code="x">Libros de texto</subfield>
    <subfield code="9">195931</subfield>
  </datafield>
  <datafield tag="650" ind1=" " ind2="7">
    <subfield code="2">lemb</subfield>
    <subfield code="a">Odontolog&#xED;a</subfield>
    <subfield code="v">Manuales</subfield>
    <subfield code="9">195932</subfield>
  </datafield>
  <datafield tag="700" ind1="1" ind2=" ">
    <subfield code="a">Daxon, Kim</subfield>
    <subfield code="e">prologuista</subfield>
    <subfield code="9">195919</subfield>
  </datafield>
  <datafield tag="942" ind1=" " ind2=" ">
    <subfield code="2">ddc</subfield>
    <subfield code="c">BK-RES</subfield>
  </datafield>
  <datafield tag="999" ind1=" " ind2=" ">
    <subfield code="c">113678</subfield>
    <subfield code="d">113678</subfield>
  </datafield>
  <datafield tag="952" ind1=" " ind2=" ">
    <subfield code="0">0</subfield>
    <subfield code="1">0</subfield>
    <subfield code="2">ddc</subfield>
    <subfield code="7">0</subfield>
    <subfield code="8">RES</subfield>
    <subfield code="a">Principal</subfield>
    <subfield code="c">NEW</subfield>
    <subfield code="d">2025-05-26</subfield>
    <subfield code="l">2</subfield>
    <subfield code="o">617.6 D272c 2017</subfield>
    <subfield code="p">250663</subfield>
    <subfield code="r">2025-06-16 10:03:41</subfield>
    <subfield code="s">2025-06-09</subfield>
    <subfield code="t">Ej. 1</subfield>
    <subfield code="w">2025-05-26</subfield>
    <subfield code="y">BK-RES</subfield>
  </datafield>
</record>
